The representation of ethnic and linguistic groups in the federal civil service of Belgium and Canada (Record no. 103598)

000 -LEADER
fixed length control field 01353pab a2200205 454500
008 - FIXED-LENGTH DATA ELEMENTS--GENERAL INFORMATION
fixed length control field 180718b2013 xxu||||| |||| 00| 0 eng d
100 ## - MAIN ENTRY--PERSONAL NAME
Personal name Turgeon, Luc
245 ## - TITLE STATEMENT
Title The representation of ethnic and linguistic groups in the federal civil service of Belgium and Canada
260 ## - PUBLICATION, DISTRIBUTION, ETC.
Date of publication, distribution, etc. 2013
300 ## - PHYSICAL DESCRIPTION
Extent p.565-583.
362 ## - DATES OF PUBLICATION AND/OR SEQUENTIAL DESIGNATION
Dates of publication and/or sequential designation Dec
520 ## - SUMMARY, ETC.
Summary, etc. This article investigates how the struggles of national groups have affected the politics of bureaucratic representation of ethnic minorities in Belgium and Canada, and vice-versa. It argues that the politics of multinational representation in Belgium limited the adoption of measures seeking to guarantee a greater representation of ethnic and racial minorities. In contrast, the politics of multiculturalism in Canada associated with the political mobilization of ethnic groups, contributed to the rejection of measures of guaranteed representation of Francophones in the federal bureaucracy. Measures adopted to increase the representation of Francophones, however, did not impede later attempts to augment representation of visible minorities in the civil service. - Reproduced.
650 ## - SUBJECT ADDED ENTRY--TOPICAL TERM
Topical term or geographic name entry element Civil service - Canada
650 ## - SUBJECT ADDED ENTRY--TOPICAL TERM
Topical term or geographic name entry element Civil service - Belgium
650 ## - SUBJECT ADDED ENTRY--TOPICAL TERM
Topical term or geographic name entry element Civil service
700 ## - ADDED ENTRY--PERSONAL NAME
Personal name Gagnon, Alain-G.
773 ## - HOST ITEM ENTRY
Main entry heading Canadian Public Administration
908 ## - PUT COMMAND PARAMETER (RLIN)
Put command parameter N
909 ## -
-- 103602
Holdings
Withdrawn status Lost status Damaged status Not for loan Permanent Location Current Location Date acquired Serial Enumeration / chronology Barcode Date last seen Price effective from Koha item type
        Indian Institute of Public Administration Indian Institute of Public Administration 2018-07-19 Volume no: 56, Issue no: 4 AR104062 2018-07-19 2018-07-19 Articles

Powered by Koha